Kanun Acara Jenayah : (Record no. 4289)
[ view plain ]
| 000 -LEADER | |
|---|---|
| fixed length control field | nam a22 a 4500 |
| 003 - CONTROL NUMBER IDENTIFIER | |
| control field | AKMAL |
| 005 - DATE AND TIME OF LATEST TRANSACTION | |
| control field | 20170526153245.0 |
| 008 - FIXED-LENGTH DATA ELEMENTS--GENERAL INFORMATION | |
| fixed length control field | 170526s2003 my | e l 000 0 may d |
| 020 ## - INTERNATIONAL STANDARD BOOK NUMBER | |
| International Standard Book Number | 9677008773(kkt.) : |
| Terms of availability | RM20.00 |
| 082 04 - DEWEY DECIMAL CLASSIFICATION NUMBER | |
| Classification number | 345.595077 KAN |
| Edition number | 22 |
| 090 00 - LOCALLY ASSIGNED LC-TYPE CALL NUMBER (OCLC); LOCAL CALL NUMBER (RLIN) | |
| Classification number (OCLC) (R) ; Classification number, CALL (RLIN) (NR) | 345.595077 |
| Local cutter number (OCLC) ; Book number/undivided call number, CALL (RLIN) | KAN |
| 110 1# - MAIN ENTRY--CORPORATE NAME | |
| Corporate name or jurisdiction name as entry element | Malaysia |
| 9 (RLIN) | 400 |
| 245 10 - TITLE STATEMENT | |
| Title | Kanun Acara Jenayah : |
| Remainder of title | semua pindaan hingga Jun, 2003 ( Akta 593) |
| 260 ## - PUBLICATION, DISTRIBUTION, ETC. | |
| Place of publication, distribution, etc. | Kuala Lumpur : |
| Name of publisher, distributor, etc. | MDC Publishers, |
| Date of publication, distribution, etc. | 2003 |
| 300 ## - PHYSICAL DESCRIPTION | |
| Extent | 248ms. ; |
| Dimensions | 26cm. |
| 650 10 - SUBJECT ADDED ENTRY--TOPICAL TERM | |
| Topical term or geographic name entry element | Criminal procedure |
| Geographic subdivision | Malaysia |
| 9 (RLIN) | 3883 |
| 650 20 - SUBJECT ADDED ENTRY--TOPICAL TERM | |
| Topical term or geographic name entry element | Criminal law |
| Geographic subdivision | Malaysia |
| 9 (RLIN) | 3716 |
| 942 ## - ADDED ENTRY ELEMENTS (KOHA) | |
| Source of classification or shelving scheme | |
| Koha item type | Book |
| Withdrawn status | Lost status | Source of classification or shelving scheme | Damaged status | Not for loan | Collection code | Home library | Current library | Shelving location | Date acquired | Inventory number | Total Checkouts | Full call number | Barcode | Date last seen | Price effective from | Koha item type | Public note |
|---|---|---|---|---|---|---|---|---|---|---|---|---|---|---|---|---|---|
| NON-FICTION | AKMAL Melaka | AKMAL Melaka | PINJAMAN | 26.05.2017 | 304110 | 345.595077 KAN | 201706137 | 26.05.2017 | 26.05.2017 | Book | |||||||
| NON-FICTION | AKMAL Melaka | AKMAL Melaka | PINJAMAN | 26.05.2017 | 304112 | 345.595077 KAN | 201705621 | 26.05.2017 | 26.05.2017 | Book | |||||||
| NON-FICTION | AKMAL Melaka | AKMAL Melaka | PINJAMAN | 26.05.2017 | 304113 | 345.595077 KAN | 201705620 | 26.05.2017 | 26.05.2017 | Book | |||||||
| NON-FICTION | AKMAL Melaka | AKMAL Melaka | PINJAMAN | 26.05.2017 | 304114 | 345.595077 KAN | 201705619 | 26.05.2017 | 26.05.2017 | Book | |||||||
| NON-FICTION | AKMAL Melaka | AKMAL Melaka | PINJAMAN | 26.05.2017 | 304111 | 345.595077 KAN | 201705618 | 26.05.2017 | 26.05.2017 | Book | Dilupuskan. No. Fail. ARKIBMLK.600-6/9/1 Jld.7 (54) |
